000 00288nam a22001337a 4500
008 170314b xxu||||| |||| 00| 0 eng d
020 _a9781606922415
041 _aeng
080 _a591
100 _a7
101 _aSHM
245 _aENDANGERED SPECIES
_cCOLUMBUS.A.M
942 _2udc
_cBK
999 _c7776
_d7776